Competing with information : a manager's guide to creating business value with information content
Αποθηκεύτηκε σε:
| Άλλοι συγγραφείς: | |
|---|---|
| Μορφή: | Βιβλίο |
| Γλώσσα: | English |
| Δημοσίευση: |
Chichester :
John Wiley & Sons,
c2000.
|
| Σειρά: | Executive development from IMD
|
| Θέματα: | |
| Ετικέτες: |
Προσθήκη ετικέτας
Δεν υπάρχουν, Καταχωρήστε ετικέτα πρώτοι!
|
MARC
| LEADER | 00000cam a2200000 i 4500 | ||
|---|---|---|---|
| 001 | 1/43079 | ||
| 008 | 031023s2000 enk ||| | eng|| | ||
| 020 | |a 0471899690 | ||
| 035 | |l 10071284 | ||
| 040 | |a GR-MyUA |b gre |e AACR2 | ||
| 041 | 0 | |a eng | |
| 082 | 0 | |a 658.4038 | |
| 245 | 1 | 0 | |a Competing with information : |b a manager's guide to creating business value with information content / |c edited by Donald A. Marchand. |
| 260 | |a Chichester : |b John Wiley & Sons, |c c2000. | ||
| 300 | |a x, 342 σ. : |b εικ. ; |c 24 εκ. | ||
| 490 | 1 | |a (Executive development from IMD) | |
| 504 | |a Περιέχει βιβλιογραφικές παραπομπές και ευρετήριο. | ||
| 650 | 0 | 0 | |a Knowledge management |x Economic aspects. |
| 650 | 0 | 0 | |a Information resources management |x Economic aspects. |
| 700 | 1 | |a Marchand, Donald A. |e edt | |
| 830 | 0 | |a Executive development from IMD | |
| 852 | |a INST |b SAMOS |e 20031023 |h 658.4038 COM |p 005300023778 |q 005300023778 |t BK |y 0 | ||
| 901 | |a BIBL3-2003-3 | ||
| 909 | |a Σ |b 099276 | ||
| 922 | |a 3ΕΛΗ |b 200008 |c ΤΠΕΣ/ΠΟΛ2 |d LEADER | ||
| 970 | |a ΠΟΥΡΝΑΡΑΣ |b ΔΗΜΗΤΡΗΣ |z 2003/10/23 | ||